Intégrales singulières (notice n° 1506224)

détails MARC
000 -LEADER
fixed length control field 01449cam a2200133 4500500
005 - DATE AND TIME OF LATEST TRANSACTION
control field 20250921003303.0
041 ## - LANGUAGE CODE
Language code of text/sound track or separate title fre
042 ## - AUTHENTICATION CODE
Authentication code dc
100 10 - MAIN ENTRY--PERSONAL NAME
Personal name Pham, Frédéric
Relator term author
245 00 - TITLE STATEMENT
Title Intégrales singulières
260 ## - PUBLICATION, DISTRIBUTION, ETC.
Name of publisher, distributor, etc. EDP Sciences,<br/>
Date of publication, distribution, etc. 2005.<br/>
520 ## - SUMMARY, ETC.
Summary, etc. Cet ouvrage propose une réédition de deux textes fondamentaux de Frédéric Pham consacrés aux intégrales singulières. Le premier texte insiste sur les aspects topologiques et géométriques tandis que le second en explique l’approche analytique. Frédéric Pham s’appuie sur les notions développées par J. Leray dans son calcul des résidus à plusieurs variables et sur les théorèmes d’isotopie de R. Thom. Avec l’aboutissement que constituent les formules de Picard-Lefschetz, cette étude fondamentale des singularités d’intégrales se situe aux confins de l’analyse et de la géométrie algébrique. Les mêmes structures, enrichies par les travaux de Nilsson, sont aussi abordées par des méthodes d’équations différentielles et généralisées sous l’angle de la théorie des hyperfonctions et de l’analyse microlocale. La première partie a été publiée en 1967 dans la série Mémorial des Sciences Mathématiques. La seconde partie est, quant à elle, issue d’un cours donné à l’université d’Hanoï en 1974.
856 41 - ELECTRONIC LOCATION AND ACCESS
Uniform Resource Identifier <a href="https://shs.cairn.info/integrales-singulieres--9782868837998?lang=fr&redirect-ssocas=7080">https://shs.cairn.info/integrales-singulieres--9782868837998?lang=fr&redirect-ssocas=7080</a>

Pas d'exemplaire disponible.

PLUDOC

PLUDOC est la plateforme unique et centralisée de gestion des bibliothèques physiques et numériques de Guinée administré par le CEDUST. Elle est la plus grande base de données de ressources documentaires pour les Étudiants, Enseignants chercheurs et Chercheurs de Guinée.

Adresse

627 919 101/664 919 101

25 boulevard du commerce
Kaloum, Conakry, Guinée

Réseaux sociaux

Powered by Netsen Group @ 2025